| 000 | 00726nam a2200205 i 4500 | ||
|---|---|---|---|
| 001 | 165737 | ||
| 003 | ES-MaACL | ||
| 005 | 20230906213210.0 | ||
| 008 | 991209s1897 fr |||| | fre d | ||
| 040 |
_aM-RAJU _bspa _cM-RAJU _dCCPB | B |
||
| 100 | 1 |
_aStein, Henri. _9108031 |
|
| 245 | 1 | 0 |
_aManuel de bibliographie générale _b: (Bibliotheca Bibliographica Nova) / _cpar Henri Stein. |
| 260 |
_aParis : _bAlphonse Picard et Fils, _c1897. |
||
| 300 |
_aXX, 895 p. ; _c24 cm. |
||
| 490 | 1 |
_aManuels de bibliographie historique ; _v2 |
|
| 650 | 4 |
_aBibliografías universales. _9147141 |
|
| 830 | 0 |
_aManuels de bibliographie historique ; _v2 _9222489 |
|
| 852 |
_aES-MaACL _jB-4448 _z-- Enc. hol. |
||
| 999 |
_c165737 _d165737 |
||